Statistics for Least Populated Countries by Continent

Click here to take the quiz!

General Stats

  • This quiz has been taken 170 times
  • The average score is 5 of 6

Answer Stats

ContinentCountry% Correct
South AmericaSuriname
90%
AustraliaNauru
87%
EuropeVatican City
84%
AfricaSeychelles
80%
AsiaMaldives
74%
North AmericaSt. Kitts & Nevis
68%

Score Distribution

Percentile by Number Answered

Percent of People with Each Score

Your Score History

You have not taken this quiz